000 01413cad a22002415a 4500
001 L154070
008 111011e20111005xxkd f s 000 0 eng d
020 _a9781409831839
035 _a(Sirsi) u154070
041 0 _aeng
050 0 4 _a306.1 $2 18
110 2 _aUnited Kingdom
_bDepartment for Communities and Local Government
_94939
245 0 0 _aAffordable housing supply England 2010-2011
_h[electronic resource]
260 _aLondon
_bDCLG
_c2011
505 2 _aHeadlines -- Introduction -- National trends -- Low cost home ownership -- New build homes and acquisition -- Regional trends -- Accompanying tabes -- Uses of the data -- Definitions -- Data sources - Related statistics -- Revisions policy -- User consultation -- Enquiries
520 _aLatest government statistics for affordable housing supply in England. 60 000 additional affordable homes were supplied in 2010-2011. This represents an increase of 5%. New build homes accounted for 53 380 or 88% of affordable homes during the period. Of all the new affordable homes built in England in 2010-2011, 23% were built in London and 15% in the South East.
521 _aAdvanced
590 _aKA
651 4 _aEngland and Wales
_y1543-
690 _aPROPERTY-RESIDENTIAL PROPERTY
856 4 0 _uhttps://www.communities.gov.uk/documents/statistics/pdf/2001577.pdf
_zView the item free of charge online at www.communities.gov.uk
942 _n0
999 _c112829
_d112829